...

NIRU LIBRARY

Routledge handbook of terrorism and counterterrorism (Record no. 600)

MARC details
000 -LEADER
fixed length control field 00549nam a22001817a 4500
003 - CONTROL NUMBER IDENTIFIER
control field OSt
005 - DATE AND TIME OF LATEST TRANSACTION
control field 20260113114242.0
008 - FIXED-LENGTH DATA ELEMENTS--GENERAL INFORMATION
fixed length control field 260113b |||||||| |||| 00| 0 eng d
020 ## - INTERNATIONAL STANDARD BOOK NUMBER
International Standard Book Number 978 0 367 58052 0
040 ## - CATALOGING SOURCE
Original cataloging agency NIRU
Language of cataloging EN
Transcribing agency NIRU
050 ## - LIBRARY OF CONGRESS CALL NUMBER
Classification number HV 6431
Item number .R684 2018
100 ## - MAIN ENTRY--PERSONAL NAME
Personal name Sike, Andrew
Relator term [Editor]
245 ## - TITLE STATEMENT
Title Routledge handbook of terrorism and counterterrorism
Statement of responsibility, etc. Andrew Sike
260 ## - PUBLICATION, DISTRIBUTION, ETC.
Place of publication, distribution, etc. London
Name of publisher, distributor, etc. Routledge Taylor and Francis group
Date of publication, distribution, etc. 2019
300 ## - PHYSICAL DESCRIPTION
Extent 668 p.
Other physical details ill.
650 ## - SUBJECT ADDED ENTRY--TOPICAL TERM
Topical term or geographic name entry element Terrorism
Form subdivision counterterrorism
General subdivision Prevention
942 ## - ADDED ENTRY ELEMENTS (KOHA)
Source of classification or shelving scheme Library of Congress Classification
Koha item type Books
Suppress in OPAC No
Holdings
Withdrawn status Lost status Source of classification or shelving scheme Damaged status Not for loan Home library Current library Shelving location Date acquired Source of acquisition Total checkouts Full call number Barcode Date last seen Price effective from Koha item type
    Library of Congress Classification     NIRU LIBRARY NIRU LIBRARY General stacks 01/13/2026 Depository   HV 6431 .R684 2018 2026-0012 01/13/2026 01/13/2026 Books
Copyright © 2025&6. National Intelligence and Research University. All Rights Reserved.